000 00719nam a2200253Ia 4500
003 OSt
005 20220930072441.0
006 a|||||r|||| 00| 0
007 ta
008 220926b |||||||| |||| 00| 0 hin d
024 _a19509
037 _cTheses
040 _aCRL
_cCRL
_bhin
041 _2hin
_ahin
100 _aVyas Meenakshi
_9529837
110 _aUniversity of Delhi. Faculty of Arts. Department of Hindi
245 0 _aSarveshwar ke kavya ka shailli vaigyanik adhyayan
260 _c1987
300 _a555p.
_ap.
_ccm.
650 _aHINDI LITERATURE
_923866
700 _aUniversity of Delhi. Faculty of Arts. Department of Hindi
942 _cDIS
_2CC
999 _c863920
_d863920